000 00305nam a22001337a 4500
008 170310b xxu||||| |||| 00| 0 eng d
020 _a9780803600935
041 _aeng
080 _a611
100 _a6
101 _aSHM
245 _aPATHOPHYSIOLOGY OFN MOTORS SYSTEM
_cFREDERICKS.CH.M
942 _2udc
_cBK
999 _c7396
_d7396